000 00672nam a2200253Ia 4500
003 OSt
005 20221006142146.0
006 a|||||r|||| 00| 0
007 ta
008 221006b |||||||| |||| 00| 0 jpn d
024 _a5,502
037 _bGift, Japan Foundation
_cTextual
040 _aEASL
_cEASL
_bjpn
041 _2jpn
_ajpn
082 _a1008122
100 _aOTSUKA Hisao
_9647020
245 0 _aShakaikagaku ni okeru ningen
260 _aTokyo
_bIwanami Shoten Japan
_c1977
300 _a226p.
_ccm.
490 _v JL
650 _aJL
942 _h1008122
_cTEXL
_2CC
999 _c1073588
_d1073588